| 000 | 01103pam a2200325 a 4500 | ||
|---|---|---|---|
| 001 | 2058 | ||
| 005 | 20231103104221.0 | ||
| 020 | _a0140318755 | ||
| 020 | _a9780140318753 | ||
| 040 |
_aDLC _cDLC _dDLC _beng |
||
| 050 | 0 | 0 | _aGV1493 |
| 082 | 0 | 0 | _a793.73 |
| 100 | 1 |
_aPhillips, Louis _d1942- |
|
| 245 | 1 | 0 |
_a263 brain busters : _bjust how smart are you, anyway? / _cby Louis Phillips ; illustrated by James Stevenson. |
| 260 |
_aNew York : _bPuffin Books, _c1985. |
||
| 300 |
_a87 pages : _c22 cm. |
||
| 505 | _aU | ||
| 520 | _aA collection of mathematical and verbal brain-teasing questions interspersed with "brain vacation" jokes. | ||
| 521 |
_a900 _bLexile estimate |
||
| 521 |
_aU _bRaz-Plus |
||
| 650 | 0 |
_aPuzzles _xJuvenile literature. |
|
| 650 | 0 |
_aMathematical recreations _xJuvenile literature. |
|
| 650 | 0 |
_aLiterary recreations _xJuvenile literature. |
|
| 650 | 1 | _aPuzzles. | |
| 650 | 1 | _aMathematical recreations. | |
| 650 | 1 | _aLiterary recreations. | |
| 700 | 1 |
_aStevenson, James _d1929-2017 _eillustrator |
|
| 906 |
_a7 _bcbc _corignew _d1 _eocip _f19 _gy-gencatlg |
||
| 942 |
_2ddc _cBK _n0 |
||
| 999 |
_c2058 _d2058 |
||